000 00327nam a22001457a 4500
008 230912b ||||| |||| 00| 0 eng d
020 _a0816509824
041 _aeng
080 _a521
082 _a521SMO
100 _a19
101 _aASTRO
245 _aTHE GALAXY AND THE SOLAR SYSTEM
_cSMOLUCHOWSKI.R
942 _2udc
_cBK
999 _c60346
_d60346